Nowe tablice rejestracyjne w Polsce - Statystyki

Ogólne statystyki
  • Ten quiz został rozwiązany 62 razy
  • Średni wynik to 5 z 7
Statystyki odpowiedzi
Wskazówka Odpowiedź % Poprawnych
XD Gdańsk
96%
MO Poznań
78%
VW Wrocław
78%
JR Kraków
71%
IK Katowice
65%
AE Warszawa
65%
YZ Rzeszów
53%
Nie znaleziono quizów pasujących do podanych kryteriów
Rozkład punktacji
Procent ludzi z każdym wynikiem
Percentyl według liczby udzielonych odpowiedzi
Twoja historia wyników
Nie rozwiązałeś tego quizu